000 00883nam a2200265Ia 4500
003 OSt
005 20220923211449.0
006 a|||||r|||| 00| 0
007 ta
008 Pun
020 _a9789350685839 (hbk)
_c295
024 _a320,051
037 _b772, 27/02/2017, H.K. Prakashan
_cTextual
040 _aARTS
_cARTS
_bPun
041 _2Pun
_aPun
082 _aO153,8NTI1:g, Q3
100 _aਸੁਖਦੀਪ ਕੌਰ, ਂਚ.
245 0 _aਗੁਰਨਾਮ ਸਿੰਘ ਤੀਰ ਦਾ ਵਿਅੰਗ-ਬੋਧ
260 _aਚੰਡੀਗੜ
_b ਯੂਨੀਸਟਾਰ
_c2013
300 _a132ਪ੍ਰ0
_ccm.
650 _a ਹਾਸ ਵਿਅੰਗ
_9160553
650 _aਸ਼ਚਅਹ਼ਲਜ
942 _hO153,8NTI1:g, Q3
_cTEXL
_2CC
999 _c299786
_d299786